| 000 | 00745nam a2200205Ia 4500 | ||
|---|---|---|---|
| 008 | 191130s2003##################000#0#eng## | ||
| 020 | _a9780521824446 | ||
| 040 |
_aACL _cACL |
||
| 082 | _a954.0312 COO | ||
| 100 | _aCooper, Randolf G. S | ||
| 245 |
_aAnglo-Maratha campaigns and the contest for India : the struggle for control of the South Asian military economy _cRandolf G.S. Cooper |
||
| 260 |
_aCambridge _bCambridge Univeristy Press _c2003 |
||
| 300 | _axvii, 437 p. : ill. ; 24 cm | ||
| 500 | _aIncludes bibliographical references (p. 411-429) and index | ||
| 650 | _aMaratha War, 1803 - Campaigns | ||
| 650 | _aMaratha War, 1803 - Finance | ||
| 990 | _afd3925d4ac10000c5eedc68e36b89333 | ||
| 991 | _a259658 | ||
| 999 |
_c370439 _d370439 |
||